00423nam a22001457a 4500008004100000020001500041040001700056050001900073082001300092100002000105245004400125260004300169650002700212650003800239230504b |||||||| |||| 00| 0 eng d a9789788446 aNLNbEnglish aDT515.77.bE22 a923.5669 aEDEOGHON, Peter aIn the hand of destiny/cPeter Edeoghon aBenin city:bMindex Publishing,c2014. aEdeoghon, Peter 1940-  aAdministratorvNigeriaxBiography